Quizzes
Events
Quiz Creation
Community
Videos
Private Events
Remove Ads
Sign In
Join for FREE
Feedback
Dark Mode
Quiz Categories
Sports
Geography
Music
Movies
Television
Just For Fun
Miscellaneous
History
Literature
Language
Science
Gaming
Entertainment
Religion
Holiday
For Kids
Quiz Lab
Recent
Popular Today
Quiz Kudos Today
Editor Picks
Curator Picks
Quizzes by...
Day
Popularity
Type
Ratings
Length
Year
Community
Subscriptions
Recent Discussions
Orange Saloon
Badges
Playlists
Quests
Create
Leaderboards
Showdown
Live 5
Trivia Bingo
Activity
Puzzle Library
Sporcle Events
Private Events
Virtual Trivia
Globe League
Become a Host
Pub Owners
SporcleCon
Opinionation
Our Games
Videos
Blog
Mobile Apps
Partnerships
Remove Ads and Go Orange
Feedback
Miscellaneous
Crossword
General Knowledge
Baby Names
Logo
Food
Cars
Numbers
Grab Bag
University
College
Popular
Company
Slogans
Restaurants
Justice
Letter
Miscellaneous
Crossword
General Knowledge
Baby Names
Logo
Food
Cars
Numbers
Grab Bag
University
College
Popular
Company
Slogans
Restaurants
Justice
Letter
Random Quiz
Search Sporcle
×
Quiz Lab
Quiz Lab
Miscellaneous
State
Select answers by clicking on text or image buttons
Select answers by clicking on text or image buttons
Clickable
Best Score? Go Orange.
U.S. Governors by State Stats
Can you pick the current United States governors by which state they govern?
By
mathdanmom
5m
50 Questions
85 Plays
85 Plays
85 Plays
Comments
Comments
Give Quiz Kudos
Give Quiz Kudos
-
- Ratings
hide this ad
Forced Order
Answers have to be entered in order
Answers have to be entered in order
Replay
Link that replays current quiz
Next Quiz
Link to next quiz in quiz playlist
You Got
0%
They Got
Avg Score
56%
Avg Friend Score
Upgrade to see
Score Distribution
Jump to the score distribution portion of the page
Score
0/50
Timer
05:00
0
Plays Today
% Correct
Bobby Jindal
84.7%
Jerry Brown
82.4%
Jan Brewer
81.2%
Andrew Cuomo
81.2%
Chris Christie
80%
Rick Scott
78.8%
John Hickenlooper
75.3%
John Kasich
72.9%
Martin O'Malley
71.8%
Nikki Haley
71.8%
Deval Patrick
70.6%
Rick Perry
70.6%
Neil Abercrombie
68.2%
Sam Brownback
67.1%
Steve Beshear
65.9%
Pat Quinn
61.2%
Mitch Daniels
61.2%
Susana Martinez
61.2%
Paul LePage
60%
Mark Dayton
60%
Rick Snyder
58.8%
Jay Nixon
58.8%
Bob McDonnell
58.8%
Nathan Deal
55.3%
Terry Branstad
55.3%
% Correct
Scott Walker
55.3%
Sean Parnell
54.1%
Dan Malloy
54.1%
Butch Otter
51.8%
Brian Schweitzer
51.8%
Brian Sandoval
51.8%
Tom Corbett
51.8%
Lincoln Chafee
51.8%
Robert Bentley
50.6%
Mike Beebe
50.6%
Mary Fallin
49.4%
Bev Perdue
48.2%
Phil Bryant
45.9%
Bill Haslam
44.7%
Earl Ray Tomlin
41.2%
Jack Markell
40%
Christine Gregoire
40%
John Lynch
36.5%
John Kitzhaber
36.5%
Gary Herbert
35.3%
Dave Heineman
32.9%
Jack Dalrymple
31.8%
Dennis Daugaard
30.6%
Peter Shumlin
29.4%
Matt Mead
22.4%
Quiz Playlist
Details
Report
Send in Message
Add To Playlist
Clickable:
Select answers by clicking on text or image buttons
Forced Order:
Answers have to be entered in order
Last Updated: Feb 16, 2017
Quiz Scoreboard
CHALLENGE
Sign Up to Join the Scoreboard
Show All
Scores
Hide
Comments
May contain spoilers
Recently Published
Movies - When Are They Set?
by FPL_Elf
Movies
5m
Popular People in 1961
by mucciniale
History
6m
1-10 Letter E Words III
by El_Dandy
Language
2m
More to Explore
Quiz From the Vault
Featured Blog Post
Where Did the Easter Bunny Come From?
hide this ad
You Might Also Like...
Tags
Clickable Quiz
State Quiz
United States Quiz
Governor
United
Today's Top Quizzes in Miscellaneous
Browse Miscellaneous
hide this ad
Today's Top Quizzes in State
Browse State
Top Contributed Quizzes in Miscellaneous
1
The JOE quick-fire general knowledge quiz: Day 173
2
The JOE quick-fire general knowledge quiz: Day 172
3
5-to-1: Fast Food
4
Sunday Crossword: Famous Bodies of Water
5
The JOE quick-fire general knowledge quiz: Day 171
6
One Thing in Common: United Kingdom II
7
Named After an Animal - Odd One Out!
8
sort kpop groups by number of members
9
The JOE quick-fire quiz: Day 170
10
Sunday Crossword: Themeless #5
Explore More
Trending Topics
Anime
Kpop
Crossword
Harry Potter
Disney
NBA
Marvel
Song
Soccer
Country
NFL
The Office
Pokémon
WWE
Puzzle
hide this ad
More By:
mathdanmom
Quiz
Plays
Rating
Category
Featured
Created
FIFA World Cup Host Countries by Winner
3,160
3.93
Sports
Jul 31, 2012
Populous European Cities 2006
285
2.80
Geography
Jul 31, 2012
Greek Mythological Deities
164
4.00
Religion
Jan 2, 2013
Official Summer Olympic Mascots' Names
112
4.50
Sports
Jul 31, 2012
U.S. Governors by State
85
2.00
Miscellaneous
Aug 1, 2012
Go to Creator's Profile
Score Distribution
Quiz Creator Spotlight
mathdanmom
Follow
Send a Message
Quizzes Created
-
Created Quiz Play Count
-
More By This Creator
Popular Quizzes Today
1
Find the Countries of Europe - No Outlines Minefield
2
Find the US States - No Outlines Minefield
3
The Countries of the World
4
Popular People in 1961
5
US States
6
1-10 Letter E Words III
7
Find the US States
8
One Thing in Common: World Cities II
More Miscellaneous Quizzes
Click a Mustang
Quiz Lab
Trending Quizzes
Risky Map Clicking: Least Populous States A-Z
1-10 Letter F Words
Humor Books: The Subtitles
1-10 Letter G Words
One Thing in Common: United Kingdom
Recently Updated
Leaping Animals
pecheneg
Reality TV Shows (A-Z)
bhenderson79
Rickey Henderson's Hall of Fame Teammates
pecheneg
Champions League XIs: Arsenal
pecheneg
Quick Pick: Celebrities in WWE's Hall of Fame
aduchscher
A-Z Keypad Blitz II
pecheneg
Multiple Oscar Actors
pecheneg
Mystery Phrase Blitz: Oscar 'Best Actors'
pecheneg
F. Scott Fitzgerald Novels
LTH
Pick 3 Villains
ddd62291
Trending Topics
Marvel
Harry Potter
Disney
NBA
Anime
Kpop
Crossword
Country
The Office
Soccer
Pokémon
Puzzle
NFL
WWE
Song
Your Account Isn't Verified!
In order to create a playlist on Sporcle, you need to verify the email address you used during registration. Go to your
Sporcle Settings
to finish the process.
Report this User
Report this user for behavior that violates our
Community Guidelines
.
Details:
Send Report
Go to the Sporcle.com Mobile Site →
Comments